Art of Oceania. (Record no. 123670)
[ view plain ]
| 000 -LEADER | |
|---|---|
| fixed length control field | 00895cam a22002891 4500 |
| 001 - CONTROL NUMBER | |
| control field | 6707841 |
| 003 - CONTROL NUMBER IDENTIFIER | |
| control field | ARRUPE |
| 005 - DATE AND TIME OF LATEST TRANSACTION | |
| control field | 20151029091520.0 |
| 008 - FIXED-LENGTH DATA ELEMENTS--GENERAL INFORMATION | |
| fixed length control field | 720901s1969 sz ab b 001 0 ger |
| 010 ## - LIBRARY OF CONGRESS CONTROL NUMBER | |
| LC control number | 78522125 |
| 015 ## - NATIONAL BIBLIOGRAPHY NUMBER | |
| National bibliography number | Sw70-A-2595 |
| 035 ## - SYSTEM CONTROL NUMBER | |
| System control number | (OCoLC)397437 |
| 040 ## - CATALOGING SOURCE | |
| Original cataloging agency | DLC |
| Transcribing agency | OCU |
| Modifying agency | OCoLC |
| -- | DLC |
| 041 1# - LANGUAGE CODE | |
| Language code of text/sound track or separate title | ger |
| Language code of original and/or intermediate translations of text | und |
| 050 00 - LIBRARY OF CONGRESS CALL NUMBER | |
| Classification number | N7410 |
| Item number | .B931 |
| 300 ## - PHYSICAL DESCRIPTION | |
| Other physical details | illus., maps. |
| Dimensions | 23 cm. |
| 100 1# - MAIN ENTRY--PERSONAL NAME | |
| Personal name | Bühler, Alfred, |
| Dates associated with a name | 1900-1981. |
| 9 (RLIN) | 20705 |
| 245 10 - TITLE STATEMENT | |
| Title | Art of Oceania. |
| Remainder of title | a descriptive catalogue |
| Statement of responsibility, etc | by Alfred Bühler. |
| 260 ## - PUBLICATION, DISTRIBUTION, ETC. (IMPRINT) | |
| Place of publication, distribution, etc | Zürich, |
| Name of publisher, distributor, etc | Atlantis-Verlag, |
| Date of publication, distribution, etc | (1969). |
| 300 ## - PHYSICAL DESCRIPTION | |
| Extent | 297 p. |
| 500 ## - GENERAL NOTE | |
| General note | At head of title: Museum Rietberg Zürich. |
| 504 ## - BIBLIOGRAPHY, ETC. NOTE | |
| Bibliography, etc | Bibliography: p. [255]-262. |
| 650 #0 - SUBJECT ADDED ENTRY--TOPICAL TERM | |
| Topical term or geographic name as entry element | Oceania |
| Source of heading or term | Art |
| Form subdivision | Catalogs |
| 9 (RLIN) | 20706 |
| 710 2# - ADDED ENTRY--CORPORATE NAME | |
| Corporate name or jurisdiction name as entry element | Museum Rietberg. |
| 9 (RLIN) | 20707 |
| 740 0# - ADDED ENTRY--UNCONTROLLED RELATED/ANALYTICAL TITLE | |
| Uncontrolled related/analytical title | Art of Oceania. |
| 906 ## - LOCAL DATA ELEMENT F, LDF (RLIN) | |
| a | 7 |
| b | cbc |
| c | oclcrpl |
| d | u |
| e | ncip |
| f | 19 |
| g | y-gencatlg |
| 942 ## - ADDED ENTRY ELEMENTS (KOHA) | |
| Source of classification or shelving scheme | Library of Congress Classification |
| Koha item type | Monograph ( Printed materials) |
| Withdrawn status | Lost status | Source of classification or shelving scheme | Damaged status | Not for loan | Collection code | Home library | Current library | Shelving location | Date acquired | Total Checkouts | Full call number | Barcode | Date last seen | Price effective from | Koha item type |
|---|---|---|---|---|---|---|---|---|---|---|---|---|---|---|---|
| Library of Congress Classification | Main Collection | ARRUPE LIBRARY | ARRUPE LIBRARY | Main Collection | 29/10/2015 | N7410.B931 | 46500005645 | 03/07/2018 | 29/10/2015 | Monograph ( Printed materials) |